| 000 | 00397nam a2200145Ia 4500 | ||
|---|---|---|---|
| 008 | 230917s9999||||xx |||||||||||||| ||und|| | ||
| 040 |
_e202427 _aMAIN |
||
| 041 | _aEnglish | ||
| 082 | _a824.09 M474P | ||
| 100 | _aMehrotra, Arvind Krishna | ||
| 245 | 0 | _aPartial recall: Essays on literature and literary history | |
| 260 |
_aRanikhet _bPermanent Black _c2012 |
||
| 300 | _a289 p. | ||
| 942 | _cBK | ||
| 999 |
_c169530 _d169530 |
||